000 00927nas a2200313 4500
001 BR8903204
003 BR-BrBNA
005 20231205091623.0
007 ta
008 230509b bl.|||p| |||| 00| 00por d
040 _aBR-BrBNA
_bpor
_cBiblioteca Nacional de Agricultura
041 _a(Pt)
072 _aH20
100 1 _aCafe Filho, A.C.
100 1 _aLopes, C.A.
100 1 _aDusi, A.N.
100 1 _aReizschneider, F.J.B.
100 1 _aCharchar, J.M.
245 1 _aPrincipais doencas de ervilha no Brasil e seu controle
650 _aERVILHA
650 _aPODRIDAO DO COLO
650 _aOIDIO
650 _aCRESTAMENTO
650 _aMOSAICO
650 _aCONTROLE CULTURAL
773 0 _tInforme Agropecuario - Empresa de Pesquisa Agropecuaria de Minas Gerais (Brazil)
_xISSN 0100-3364
_g(Mar 1989), v. 14(158) p. 38-45
_wBR8903204
909 _a202311
_bLúcia
_c55
_dLúcia Elande
942 _2AGRIS
_n0
_cANA
999 _c126229
_d126229